Central Library OPAC University of Rajshahi

Social psychology : (Record no. 2165)

MARC details
000 -LEADER
fixed length control field 01017nam a22003011 4500
001 - CONTROL NUMBER
control field 2165
003 - CONTROL NUMBER IDENTIFIER
rucl marc code BD-RjUL
005 - DATE AND TIME OF LATEST TRANSACTION
control field 20211208233509.0
008 - FIXED-LENGTH DATA ELEMENTS--GENERAL INFORMATION
fixed length control field 131210s1965 nyua b 001 0 eng
020 ## - INTERNATIONAL STANDARD BOOK NUMBER
International Standard Book Number 0030502403
035 ## - SYSTEM CONTROL NUMBER
System control number (BD-RjUL)2192
040 ## - CATALOGING SOURCE
Original cataloging agency DLC
Transcribing agency DLC
Modifying agency DLC
-- BD-RjUL
Language of cataloging eng
041 ## - LANGUAGE CODE
Language code of text/sound track or separate title eng
082 00 - DEWEY DECIMAL CLASSIFICATION NUMBER
Classification number 302
Author mark and year NES 1965
Edition number 21
100 1# - MAIN ENTRY--PERSONAL NAME
Personal name Newcomb, Theodore M.
Fuller form of name (Theodore Mead),
Dates associated with a name 1903-1984.
9 (RLIN) 5185
245 10 - TITLE STATEMENT
Title Social psychology :
Remainder of title the study of human interaction /
Statement of responsibility, etc. Theodore M. Newcomb, Ralph H. Turner and Philip E. Converse.
260 ## - PUBLICATION, DISTRIBUTION, ETC. (IMPRINT)
Place of publication, distribution, etc. New York :
Name of publisher, distributor, etc. Holt, Rinehart and Winston,
Date of publication, distribution, etc. c1965 [Printed 1966]
300 ## - PHYSICAL DESCRIPTION
Pagination xii, 591 p. :
Illustrations illus. ;
Size 24 cm.
504 ## - BIBLIOGRAPHY, ETC. NOTE
Bibliography, etc Bibliography: p. 561-574.
Bibliography, etc Includes index.
650 #0 - SUBJECT ADDED ENTRY--TOPICAL TERM
Topical term or geographic name as entry element Social psychology.
9 (RLIN) 7093
Topical term or geographic name as entry element Social interaction.
9 (RLIN) 114621
700 1# - ADDED ENTRY--PERSONAL NAME
Personal name Turner, Ralph H.
Relator term joint author.
Personal name Converse, Philip E.
Dates associated with a name 1928-
Relator term joint author.
942 ## - ADDED ENTRY ELEMENTS (KOHA)
Source of classification or shelving scheme Dewey Decimal Classification
Koha item type Books
Holdings
Lost status Source of classification or shelving scheme Damaged status Not for loan Collection code Permanent Location Current Location Shelving location Date acquired Source of acquisition Cost, normal purchase price Total Checkouts Full call number Date last seen Copy number Koha item type Date checked out
  Dewey Decimal Classification     Non-fiction Central Library, University of Rajshahi Central Library, University of Rajshahi   12/11/1968 Zeitlinger 90.00   302 NES 1966 10/12/2013 C-2 Books  
  Dewey Decimal Classification     Non-fiction Central Library, University of Rajshahi Central Library, University of Rajshahi   19/12/1973 US govt Gift. 0.00 1 302 NES 1965 08/08/2015 C-4 Books 30/07/2015
  Dewey Decimal Classification     Non-fiction Central Library, University of Rajshahi Central Library, University of Rajshahi   12/11/1968 Zitlinger 40.00   302 NES 1966 11/05/2014 C-7 Books  
  Dewey Decimal Classification     Non-fiction Central Library, University of Rajshahi Central Library, University of Rajshahi   12/11/1968 Zitlinger 90.00   302 NES 1966 11/05/2014 C-9 Books  
  Dewey Decimal Classification     Non-fiction Central Library, University of Rajshahi Central Library, University of Rajshahi   09/12/1973 US Govt.     301.15 NES 1965 12/05/2014 C-3 Books  
  Dewey Decimal Classification     Non-fiction Central Library, University of Rajshahi Central Library, University of Rajshahi   12/11/1968 Zetlinger 90.00   302 NES 1966 14/05/2014 C-8 Books  
  Dewey Decimal Classification     Non-fiction Central Library, University of Rajshahi Central Library, University of Rajshahi   21/11/1968 Zeitlinger 90.00   302 NES 1966 15/05/2014 C-6 Books  
  Dewey Decimal Classification     Non-fiction Central Library, University of Rajshahi Central Library, University of Rajshahi   12/11/1968 Zeitlinger 90.00   302 NES 1966 15/05/2014 C-5 Books  
  Dewey Decimal Classification   Not For Loan Non-fiction Central Library, University of Rajshahi Central Library, University of Rajshahi Reading Room 12/11/1968 Zeitlinger 90.00   302 NES 1966 15/05/2014 C-1 Books  
  Dewey Decimal Classification     Non-fiction Central Library, University of Rajshahi Central Library, University of Rajshahi   19/12/1973 U. S. Govt.     302 NES 1965 25/03/2021 C-10 Books